drapeaux du monde #4 - Statistiques

Statistiques générales
  • Ce quiz a été pris 240 fois
  • Le résultat moyen est 16 sur 21
Statistiques - réponses
Par images Réponse % Correct
inde
98%
italie
98%
japon
97%
irlande
95%
israel
95%
jamaique
95%
islande
91%
iran
90%
kenya
85%
irak
80%
indonesie
77%
kosovo
76%
kazakhstan
75%
honduras
70%
haiti
67%
jordanie
63%
koweit
53%
hong kong
48%
kirghizistan
46%
kiribati
43%
iles marshall
41%
Aucun quiz correspondant
Distribution des résultats
% des personnes avec chaque résultat
Percentile par nombre de réponses
Votre historique - résultats
Vous n’avez pas pris ce quiz